Evaluación del sistema de disposición final de residuos sólidos en el Área Metropolitana y de las experiencias nacionales de reciclaje

محفوظ في:
التفاصيل البيبلوغرافية
المؤلف الرئيسي: Azofeifa Alvarado, Víctor
التنسيق: كتاب
منشور في: San José, Costa Rica 1989
الموضوعات:
الوسوم: إضافة وسم
لا توجد وسوم, كن أول من يضع وسما على هذه التسجيلة!

MARC

LEADER 00000nam a2200000Ia 4500
003 004759
005 20221231144338.0
008 140114s1989 cr a m 000 ||s d
040 |c cru CEDI 
090 |a TFG 2207 
100 |a Azofeifa Alvarado, Víctor  |9 13296 
245 |a Evaluación del sistema de disposición final de residuos sólidos en el Área Metropolitana y de las experiencias nacionales de reciclaje  
260 |c 1989  |a San José, Costa Rica 
300 |a  ix, 176 hojas : ilustraciones ; 28 cm  
500 |a  Proyecto de graduación (licenciatura en ingenieria civil)--Universidad de Costa Rica. Facultad de Ingeniería. Escuela de Ingeniería Civil 
650 |x BASURAS Y APROVECHAMIENTO DE BASURAS  |9 13297 
942 |c TFG 
999 |c 20494  |d 20494